000 00392nam a2200169Ia 4500
008 230711s9999||||xx |||||||||||||| ||und||
041 _aENG
082 _a720
_bRE-S
100 _aReader, G.T
245 0 _aStirling engines
250 _a1st Ed.
260 _c1983
_aLondon
_bE Taylor & Francis
300 _a392
650 _aMechanical Engineering
700 _aHooper, L.C
942 _cBK
999 _c1928
_d1928